00432nam a2200145Ia 4500100001900000942000700019654003700026245003700063260002800100082001500128300000800143546001200151999001700163952010600180 aBurbbidge/J.L  cBK aPrinciples Of Production Control aPrinciples Of Production Control bMacdonaldaLondonc1981 a658.5bBur a588 aENGLISH c17965d17965 001040708AFTaCRCEbCRCEc1535 | 60d2023-03-17l0o658.5 BurpAFT3996r2023-03-17w2023-03-17yBK